=LDR 00000nam 2200000 4500 =001 INLIS000000000039086 =005 20200211063056 =035 ##$$a 0010-061300000039086 =008 200211################g##########0#ind## =041 ##$$a ind =082 ##$$a 158.1 =090 ##$$a 158.1, Kun f =100 ##$$a Kuncoro, JeDe =245 1#$$a From competing to collaborating, Pradigma baru untuk meraih keberhasilan sejati secara berkelanjutan, /$c JeDe Kuncoro =260 ##$$a Jakarta :$b PT. Gramedia Pustaka Utama,$c 2007 =300 ##$$a x, ,148 Hlm ; $c 23 x 15 cm. =650 #4$$a Sukses (Psikologi) =850 ##$$a NBPNMAT =020 ##$$a 979-22-3020-3 =084 ##$$a 158.1 KUN f =520 ##$$a Bibliografi: hlm.145 =520 ##$$a Biografi; hlm.147 =990 ##$$a 21104438 =990 ##$$a 21104439 =990 ##$$a 21104440 =990 ##$$a 21104441 =990 ##$$a 21104442 =990 ##$$a 21104437